| 000 | 00696cam a2200181 4500 | ||
|---|---|---|---|
| 001 | X107035 | ||
| 008 | 000000n2000 000 0 eng u | ||
| 035 | _a(Sirsi) u107035 | ||
| 245 | _aMelville v CIR | ||
| 260 | _c2000 | ||
| 490 |
_aNew Property Cases _v[2000] NPC 70(20/06/2000) |
||
| 520 | _aChD 20 June 2000. Where a settler retains the right to require the trustees to transfer the whole of the trust fund back to him, that amount is excluded from the amount upon which the trustees would otherwise be liable for tax. HEADNOTE FROM JOURNAL - DO NOT PHOTOCOPY. | ||
| 650 | _aMELVILLE V CIR | ||
| 650 | _aTRUST FUNDS | ||
| 650 | _aTRUSTEES | ||
| 690 | _aTAXATION-CASE LAW | ||
| 942 | _n0 | ||
| 999 |
_c64003 _d64003 |
||